Dret públic de Catalunya (Registro nro. 161333)
[ vista simple ]
| 000 -LEADER | |
|---|---|
| fixed length control field | 01429nam a2200349 a 4500 |
| 007 - PHYSICAL DESCRIPTION FIXED FIELD--GENERAL INFORMATION | |
| fixed length control field | cr|||| |||| |
| 008 - FIXED-LENGTH DATA ELEMENTS--GENERAL INFORMATION | |
| fixed length control field | 010425s2001 spc|||||| 000 ||cat|c |
| 017 ## - | |
| -- | DL B. 16760-2001 |
| 020 ## - INTERNATIONAL STANDARD BOOK NUMBER | |
| International Standard Book Number | 8495665034 |
| 035 ## - | |
| -- | 3237 |
| 040 ## - CATALOGING SOURCE | |
| Modifying agency | vLex |
| 043 ## - | |
| -- | e-sp--- |
| -- | e-spc-- |
| -- | catmarc |
| 080 ## - | |
| -- | 342(467.1) |
| 090 ## - | |
| -- | 2915 |
| -- | 2915 |
| 245 00 - TITLE STATEMENT | |
| Title | Dret públic de Catalunya |
| Medium | [Recurso electrónico] / |
| Statement of responsibility, etc | Mercè Barceló, Joan Vintró (coordinadors) ; Xavier Arbós... [et al.] |
| 256 ## - | |
| -- | Servicio en línea |
| 260 ## - PUBLICATION, DISTRIBUTION, ETC. (IMPRINT) | |
| Place of publication, distribution, etc | Barcelona : |
| Name of publisher, distributor, etc | Cedecs, |
| Date of publication, distribution, etc | 2001 |
| 300 ## - PHYSICAL DESCRIPTION | |
| Extent | 1 recurso electrónico |
| 504 ## - BIBLIOGRAPHY, ETC. NOTE | |
| Bibliography, etc | Bibliografía |
| 506 1# - RESTRICTIONS ON ACCESS NOTE | |
| Terms governing access | Contenido solo disponible en los productos indicados |
| Authorized users | vLex Global |
| -- | vLex Global (Academic Edition, excluding Law Schools) |
| -- | vLex Global (U.S. Academic Edition, Law Schools) |
| -- | vLex Global (U.S. Academic Edition, excluding Law Schools) |
| -- | vLex Global (Academic Edition, Law Schools) |
| 650 04 - SUBJECT ADDED ENTRY--TOPICAL TERM | |
| Topical term or geographic name as entry element | Derecho público |
| Geographic subdivision | Cataluña |
| 650 04 - SUBJECT ADDED ENTRY--TOPICAL TERM | |
| Topical term or geographic name as entry element | Derecho público |
| General subdivision | Legislación |
| Geographic subdivision | Cataluña |
| 651 #4 - SUBJECT ADDED ENTRY--GEOGRAPHIC NAME | |
| Geographic name | Catalunya |
| General subdivision | Derecho constitucional |
| 700 1# - ADDED ENTRY--PERSONAL NAME | |
| Personal name | Barceló i Serramalera, Mercè |
| 700 1# - ADDED ENTRY--PERSONAL NAME | |
| Personal name | Vintró Castells, Joan |
| 700 1# - ADDED ENTRY--PERSONAL NAME | |
| Personal name | Arbós, Xavier, |
| Dates associated with a name | 1954- |
| 740 0# - | |
| -- | vLex Libros (Servicio en línea) |
| 830 #0 - | |
| -- | Cedecs estudis constitucionals i polítics |
| 856 40 - LOCALIZACIÓN Y ACCESO ELECTRÓNICO | |
| Identificador Uniforme del Recurso (URI/URL) | https://app.vlex.com/#/sources/dret-public-catalunya-3237 |
| 942 ## - | |
| -- | RAA |
| 999 ## - | |
| -- | 161333 |
| -- | 161333 |
No hay ítems disponibles.